Cuentos de amor y amistad (Record no. 598)

MARC details
000 -CABECERA
campo de control de longitud fija 01214nam a22003254c 4500
003 - IDENTIFICADOR DE NUMERO DE CONTROL
campo de control AR-BaSMT
008 - CAMPOS DE LONGITUD FIJA
campo de control de longitud fija 260325b2018 aga|||br|||| 000 1 spa d
020 ## - ISBN: Indicadores indefinidos
Número ISBN 9789873854439
040 ## - FUENTE DE CATALOGACION
Agencia de catalogación original BSGB
Idioma de catalogación español
Agencia que realiza la transcripción BSGB
Convenciones de la descripción rda
041 0# - CODIGO DE IDIOMA
Código idioma spa
Idioma original español
080 ## - CDU
CDU completo 82-34
100 1# - PUNTO DE ACCESO PRINCIPAL
Nombre de persona Feoli, Daniela
Enlace autoridades 433
245 10 - MENCION DE TITULO
Título Cuentos de amor y amistad
250 ## - MENCION DE EDICION
Mención de edición Primera edición
264 #1 - PRODUCCIÓN, PUBLICACIÓN, DISTRIBUCIÓN, ETC.
Lugar de publicación, etc. Buenos aires :
Nombre editor. Del Naranjo ,
Fecha 2018
300 ## - DESCRIPCION FISICA
Extensión 32 páginas ;
Otros detalles físicos ilustraciones color
336 ## - TIPO DE CONTENIDO
rdacontent rdacontent
texto texto
txt txt
337 ## - TIPO DE MEDIO
rdamedia rdamedia
sin mediación sin mediación
n n
338 ## - TIPO DE SOPORTE
rdacarrier rdacarrier
volumen volumen
nc nc
490 ## - TÍTULO DE LA SERIE
Título de la serie Ya se leer
Número de serie 3
505 ## - NOTA DE CONTENIDO CON FORMATO
Volcar toda la info, nivel básico, Indicadores 8 y # - Sapo enamorado, Daniela Feoli<br/>- La luz de Lucila, Karina Echevarría.<br/>La tortuga y la oruga, Estefanía Bonafine.
520 ## - NOTA DE SUMARIO, RESUMEN, ETC.
Toda la nota Tres cuentos de distintos autores, con ilustraciones a todo color, para que los primeros lectores se afiancen en la práctica de la lectura en letras de imprenta minúsculas.<br/>
521 ## - NOTA DE PÚBLICO DESTINATARIO
Nota de audiencia A partir de 6 años.
650 #7 - PUNTO DE ACCESO ADICIONAL DE MATERIA – TÉRMINO TEMÁTICO
Enlace autoridades 8
Término de materia o nombre geográfico como elemento de entrada LITERATURA INFANTIL
650 #7 - PUNTO DE ACCESO ADICIONAL DE MATERIA – TÉRMINO TEMÁTICO
Enlace autoridades 23
Término de materia o nombre geográfico como elemento de entrada CUENTO
Subdivisión geográfica Argentina
700 1# - PUNTO DE ACCESO ADICIONAL – NOMBRE DE PERSONA
Apellido, Nombre Echevarría, Karina
Término relacionador: Autor
Enlace autoridades 434
700 1# - PUNTO DE ACCESO ADICIONAL – NOMBRE DE PERSONA
Apellido, Nombre Bonafine, Estefania
Término relacionador: Autor
Enlace autoridades 435
942 ## - ELEMENTOS AGREGADOS (KOHA)
CDU Clasificación Decimal Dewey
Tipo de ítem Libros
Holdings
Disponible Perdido Fuente de clasificación Estado Ubicación permanente Locación actual Estante o sala Fuente de adquisición Número de inventario Total préstamos Signatura topográfica Código de barras Numero de ejemplar Tipo de item de Koha Calificador de localización códificado
    Clasificación Decimal Dewey   Biblioteca Susana G. De Batemarco Biblioteca Susana G. De Batemarco Amarillo donación editorial 000686   82-34 FEO 000686 1 Libros  
    Clasificación Decimal Dewey   Biblioteca Susana G. De Batemarco Biblioteca Susana G. De Batemarco Amarillo donación editorial 000708   82-34 FEO 000708 2 Libros  
    Clasificación Decimal Dewey   Biblioteca Susana G. De Batemarco Biblioteca Susana G. De Batemarco Amarillo donación editorial 000716   82-34 FEO 000716 3 Libros  
    Clasificación Decimal Dewey   Biblioteca Susana G. De Batemarco Biblioteca Susana G. De Batemarco Amarillo donación editorial 000727   82-34 FEO 000727 4 Libros  

Powered by Koha